<?xml version="1.0" encoding="UTF-8"?>
<record
    xmlns:xsi="http://www.w3.org/2001/XMLSchema-instance"
    xsi:schemaLocation="http://www.loc.gov/MARC21/slim http://www.loc.gov/standards/marcxml/schema/MARC21slim.xsd"
    xmlns="http://www.loc.gov/MARC21/slim">

  <leader>03427nam a2200553Ia 4500</leader>
  <controlfield tag="001">3911</controlfield>
  <controlfield tag="008">241029s9999    xx            000 0 und d</controlfield>
  <datafield tag="010" ind1=" " ind2=" ">
    <subfield code="a">3670</subfield>
  </datafield>
  <datafield tag="041" ind1=" " ind2=" ">
    <subfield code="a">Espa&#xF1;ol</subfield>
  </datafield>
  <datafield tag="082" ind1=" " ind2=" ">
    <subfield code="a">MA-TE 0003 FH 2009</subfield>
  </datafield>
  <datafield tag="245" ind1=" " ind2="0">
    <subfield code="a">Nivel de Integraci&#xF3;n de la Tecnolog&#xED;a al Proceso Educativo en los Liceos Nocturnos del Distrito Educativo 10-06, Santo Domingo Este, para el A&#xF1;o Escolar 2008-2009</subfield>
  </datafield>
  <datafield tag="260" ind1=" " ind2=" ">
    <subfield code="a">Santo Domingo</subfield>
  </datafield>
  <datafield tag="300" ind1=" " ind2=" ">
    <subfield code="a">82</subfield>
  </datafield>
  <datafield tag="520" ind1=" " ind2=" ">
    <subfield code="a">12</subfield>
  </datafield>
  <datafield tag="630" ind1=" " ind2=" ">
    <subfield code="a">Proceso Educativo</subfield>
  </datafield>
  <datafield tag="630" ind1=" " ind2=" ">
    <subfield code="a">Recursos Tecnol&#xF3;gicos</subfield>
  </datafield>
  <datafield tag="630" ind1=" " ind2=" ">
    <subfield code="a">Tecnolog&#xED;a Educativa</subfield>
  </datafield>
  <datafield tag="650" ind1=" " ind2=" ">
    <subfield code="a">Tecnolog&#xED;a Educativa</subfield>
  </datafield>
  <datafield tag="690" ind1=" " ind2=" ">
    <subfield code="a">Elaborado</subfield>
  </datafield>
  <datafield tag="700" ind1=" " ind2=" ">
    <subfield code="e">asesor</subfield>
    <subfield code="a">Michel, Daniel</subfield>
  </datafield>
  <datafield tag="700" ind1=" " ind2=" ">
    <subfield code="e">autor</subfield>
    <subfield code="a">Hern&#xE1;ndez Payano,  Odalys</subfield>
  </datafield>
  <datafield tag="700" ind1=" " ind2=" ">
    <subfield code="e">autor</subfield>
    <subfield code="a">Encarnaci&#xF3;n Tejeda , Behsaida</subfield>
  </datafield>
  <datafield tag="901" ind1=" " ind2=" ">
    <subfield code="a">{"1":"Hern&#xE1;ndez Payano","2":"Encarnaci&#xF3;n Tejeda "}</subfield>
    <subfield code="b">{"1":" Odalys","2":"Behsaida"}</subfield>
  </datafield>
  <datafield tag="902" ind1=" " ind2=" ">
    <subfield code="a">1</subfield>
  </datafield>
  <datafield tag="903" ind1=" " ind2=" ">
    <subfield code="a">{"1":"Michel"}</subfield>
    <subfield code="b">{"1":"Daniel"}</subfield>
  </datafield>
  <datafield tag="904" ind1=" " ind2=" ">
    <subfield code="a">Maestr&#xED;a en</subfield>
  </datafield>
  <datafield tag="905" ind1=" " ind2=" ">
    <subfield code="a">Tecnolog&#xED;a Educativa</subfield>
  </datafield>
  <datafield tag="906" ind1=" " ind2=" ">
    <subfield code="a">2</subfield>
  </datafield>
  <datafield tag="907" ind1=" " ind2=" ">
    <subfield code="a">NO APLICA</subfield>
  </datafield>
  <datafield tag="908" ind1=" " ind2=" ">
    <subfield code="a">NO APLICA</subfield>
  </datafield>
  <datafield tag="909" ind1=" " ind2=" ">
    <subfield code="a">Universidad Aut&#xF3;noma de Santo Domingo (UASD)</subfield>
  </datafield>
  <datafield tag="910" ind1=" " ind2=" ">
    <subfield code="a">NULL</subfield>
    <subfield code="b">NULL</subfield>
  </datafield>
  <datafield tag="911" ind1=" " ind2=" ">
    <subfield code="a">["1"]</subfield>
  </datafield>
  <datafield tag="912" ind1=" " ind2=" ">
    <subfield code="a">NO APLICA</subfield>
  </datafield>
  <datafield tag="913" ind1=" " ind2=" ">
    <subfield code="a">NULL</subfield>
  </datafield>
  <datafield tag="914" ind1=" " ind2=" ">
    <subfield code="a">06 de Julio de 2009</subfield>
  </datafield>
  <datafield tag="915" ind1=" " ind2=" ">
    <subfield code="a">NULL</subfield>
  </datafield>
  <datafield tag="916" ind1=" " ind2=" ">
    <subfield code="a">NULL</subfield>
  </datafield>
  <datafield tag="917" ind1=" " ind2=" ">
    <subfield code="a">NULL</subfield>
  </datafield>
  <datafield tag="918" ind1=" " ind2=" ">
    <subfield code="a">NO APLICA</subfield>
  </datafield>
  <datafield tag="919" ind1=" " ind2=" ">
    <subfield code="a">["165","218","191"]</subfield>
  </datafield>
  <datafield tag="520" ind1=" " ind2=" ">
    <subfield code="a">El objetivo principal de esta investigaci&#xF3;n consisti&#xF3; en determinar el nivel de integraci&#xF3;n de los recursos tecnol&#xF3;gicos, en el proceso educativo en los liceos nocturnos del Distrito Educativo 10-06, Santo Domingo Este, para el A&#xF1;o Escolar 2008-2009, a la vez establecer el nivel de capacitaci&#xF3;n que tienen los profesores para el manejo de los recursos tecnol&#xF3;gicos.Esta investigaci&#xF3;n utiliz&#xF3; un dise&#xF1;o descriptivo, combinado con la investigaci&#xF3;n documental y de campo, utilizando los m&#xE9;todos: deductivo, sint&#xE9;tico, anal&#xED;tico y el procedimiento de comprobaci&#xF3;n. Como instrumento y t&#xE9;cnicas se emple&#xF3; dos cuestionarios, an&#xE1;lisis bibliogr&#xE1;fico, an&#xE1;lisis de documentos y la observaci&#xF3;n directa. El universo objeto de estudio fue de 2,740 y se tomo una muestra de 337 estudiantes, 92 profesores pertenecientes a los liceos nocturnos del Distrito Educativo 10-06, de Santo Domingo Este, durante el A&#xF1;o Escolar 2008-2009.El estudio concluye que en sentido general el nivel de integraci&#xF3;n de los recursos tecnol&#xF3;gicos en el proceso educativo en los liceos nocturnos del Distrito 10-06, Santo Domingo Este, para el A&#xF1;o Escolar 2008-2009, fue muy bajo ya que los docentes consideraron que los centros objeto de estudio, no cuentan con un sistema de organizaci&#xF3;n y administraci&#xF3;n de los recursos tecnol&#xF3;gicos adecuados, no contando con centros de recursos tecnol&#xF3;gicos al servicio de los docentes, lo que no permite la implementaci&#xF3;n de los mismos en los salones de clase.El estudio recomienda a la SEE, dotar de los recursos tecnol&#xF3;gicos en cantidad y calidad adecuada para el buen desempe&#xF1;o de los procesos educacionales, que se desarrollan en los centros de educaci&#xF3;n media del distrito educativo 10-06.Establecer un sistema de organizaci&#xF3;n de los recursos con que cuenta y promover la utilizaci&#xF3;n adecuada de los mismos, por parte de los docentes y los estudiantes.</subfield>
  </datafield>
  <datafield tag="921" ind1=" " ind2=" ">
    <subfield code="a">16</subfield>
  </datafield>
  <datafield tag="922" ind1=" " ind2=" ">
    <subfield code="a">16</subfield>
  </datafield>
  <datafield tag="923" ind1=" " ind2=" ">
    <subfield code="a">0</subfield>
  </datafield>
  <datafield tag="924" ind1=" " ind2=" ">
    <subfield code="a">NO APLICA</subfield>
  </datafield>
  <datafield tag="942" ind1=" " ind2=" ">
    <subfield code="c">Tesis</subfield>
  </datafield>
  <datafield tag="999" ind1=" " ind2=" ">
    <subfield code="c">3670</subfield>
    <subfield code="d">3670</subfield>
  </datafield>
</record>
